Hantarku pulang

Bibliographic Details
Format: Book
Published: Selangor : TSM Publication & Distributor , 2005
Series:Siri moral kanak-kanak pintar
Subjects:

MARC

LEADER 00000cam a2200000 7i4500
001 0000000347
005 20220105103909.0
008 070702
020 |a 9833276113(set) 
020 |a 9833276121 
090 0 0 |a JP   |b MAL (292) 
245 0 0 |a Hantarku pulang   |c Ruiye 
260 |a Selangor :   |b TSM Publication & Distributor ,   |c 2005 
440 |a Siri moral kanak-kanak pintar 
500 |a Children age 4-6 years old (yellow) 
650 0 |a Malay fiction 
999 |a 0000908557   |b Book   |c Children Collection   |e Cawangan Bandar Tenggara 
999 |a 0000908559   |b Book   |c Children Collection   |e Cawangan Bandar Tenggara 
999 |a 0000908560   |b Book   |c Children Collection   |e Cawangan Bandar Tenggara 
999 |a 0000960604   |b Book   |c Children Collection   |e Cawangan Kota Tinggi 
999 |a 0000960605   |b Book   |c Children Collection   |e Perbadanan Perpustakaan Awam Johor 
999 |a 0000960606   |b Book   |c Children Collection   |e Cawangan Mersing 
999 |a 0000960607   |b Book   |c Children Collection   |e Perbadanan Perpustakaan Awam Johor 
999 |a 0000960608   |b Book   |c Children Collection   |e Cawangan Bandar Penawar 
999 |a 0000986656   |b Book   |c Children Collection   |e Cawangan Bandar Penawar 
999 |a 0000986657   |b Book   |c Children Collection   |e Cawangan Bandar Penawar 
999 |a 0001044244   |b Book   |c Children Collection   |e Cawangan Bandar Tenggara 
999 |a 0001148801   |b Book   |c Children Collection   |e Cawangan Bandar Tenggara 
999 |a 0001148814   |b Book   |c Children Collection   |e Cawangan Muar 
999 |a 0001300437   |b Book   |c Children Collection   |e Cawangan Muar